00767nam a2200241 a 4500001001300000003000900013005001700022008004100039020002700080082001900107100002100126245005700147260003200204300000900236500003500245505003200280650002300312700002100335902000800356942000700364952013700371999001700508nice12345678IN_TiNIC20260116014423.0050524s1997 lona grp 000 0 eng  a1555872 c1256.8500a297.1977bESP2 aEsposito, John L aPolitical Islamb Revolution, Radicalism, Or Reform? aLondonbLynne Riennerc1997 a280p aincludes index and biblioraphy2 aGeneral Bibliography, Index aIslam and Politics1 aEsposito, John L bSRC cBK 001040708StackRoom-aHMIbHMId2013-10-23g1256.85l5m4o297.1977 ESP2p020124r2019-08-07s2019-08-02v1256.85w2005-05-24yBK c15215d15215